Terminológia a pojmy v daňovej oblasti

Výklad pojmov: dane, daňovník, základ dane, pevná a pohyblivá sadzba.

Gespeichert in:
Bibliographische Detailangaben
1. Verfasser: Pauličková, Alena
Format: Buchkapitel
Sprache:Slowakisch
Schlagworte:
Tags: Tag hinzufügen
Keine Tags, Fügen Sie das erste Tag hinzu!

MARC

LEADER 00000naa$a2200000$$$4500
001 0034930
005 20230919095243.1
041 0 |a slo 
044 |a SK 
245 1 0 |a Terminológia a pojmy v daňovej oblasti  |c Alena Pauličková 
520 |a Výklad pojmov: dane, daňovník, základ dane, pevná a pohyblivá sadzba. 
610 2 0 |a dane 
610 2 0 |a daňovníci 
610 2 0 |a základ dane 
610 2 0 |a sadzby daňové 
610 2 0 |a terminológia 
100 1 |a Pauličková, Alena